<?xml version="1.0" encoding="UTF-8"?>
<record
    xmlns:xsi="http://www.w3.org/2001/XMLSchema-instance"
    xsi:schemaLocation="http://www.loc.gov/MARC21/slim http://www.loc.gov/standards/marcxml/schema/MARC21slim.xsd"
    xmlns="http://www.loc.gov/MARC21/slim">

  <leader>00477nam a2200145Ia 4500</leader>
  <controlfield tag="008">230917s9999||||xx |||||||||||||| ||und||</controlfield>
  <datafield tag="040" ind1=" " ind2=" ">
    <subfield code="e">168339</subfield>
    <subfield code="a">MAIN</subfield>
  </datafield>
  <datafield tag="041" ind1=" " ind2=" ">
    <subfield code="a">English</subfield>
  </datafield>
  <datafield tag="082" ind1=" " ind2=" ">
    <subfield code="a">891.4317109 MB896:SS</subfield>
  </datafield>
  <datafield tag="100" ind1=" " ind2=" ">
    <subfield code="a">&#x936;&#x930;&#x94D;&#x92E;&#x93E;, &#x936;&#x936;&#x93F;</subfield>
  </datafield>
  <datafield tag="245" ind1=" " ind2="0">
    <subfield code="a">&#x92E;&#x941;&#x915;&#x94D;&#x924;&#x93F;&#x92C;&#x94B;&#x927; &#x915;&#x93E; &#x938;&#x93E;&#x939;&#x93F;&#x924;&#x94D;&#x92F;&#x903; &#x90F;&#x915; &#x905;&#x928;&#x941;&#x936;&#x940;&#x932;&#x928;</subfield>
  </datafield>
  <datafield tag="260" ind1=" " ind2=" ">
    <subfield code="a">&#x926;&#x93F;&#x932;&#x94D;&#x932;&#x940;</subfield>
    <subfield code="b">&#x907;&#x928;&#x94D;&#x926;&#x94D;&#x930;&#x92A;&#x94D;&#x930;&#x938;&#x94D;&#x925;</subfield>
    <subfield code="c">1977</subfield>
  </datafield>
  <datafield tag="300" ind1=" " ind2=" ">
    <subfield code="a">390 &#x92A;&#x943;. p.</subfield>
  </datafield>
  <datafield tag="942" ind1=" " ind2=" ">
    <subfield code="c">HN</subfield>
  </datafield>
  <datafield tag="952" ind1=" " ind2=" ">
    <subfield code="0">0</subfield>
    <subfield code="1">0</subfield>
    <subfield code="4">0</subfield>
    <subfield code="6">891_431710900000000_MB896SS</subfield>
    <subfield code="7">0</subfield>
    <subfield code="9">302138</subfield>
    <subfield code="a">MAIN</subfield>
    <subfield code="b">MAIN</subfield>
    <subfield code="d">2010-11-26</subfield>
    <subfield code="l">0</subfield>
    <subfield code="o">891.4317109 MB896:SS</subfield>
    <subfield code="p">34031</subfield>
    <subfield code="r">2023-09-17 21:51:20</subfield>
    <subfield code="w">2023-09-17</subfield>
    <subfield code="y">HN</subfield>
  </datafield>
  <datafield tag="952" ind1=" " ind2=" ">
    <subfield code="0">0</subfield>
    <subfield code="1">0</subfield>
    <subfield code="4">0</subfield>
    <subfield code="6">891_431710900000000_MB896SS</subfield>
    <subfield code="7">0</subfield>
    <subfield code="9">302139</subfield>
    <subfield code="a">MAIN</subfield>
    <subfield code="b">MAIN</subfield>
    <subfield code="d">2010-11-26</subfield>
    <subfield code="l">0</subfield>
    <subfield code="o">891.4317109 MB896:SS</subfield>
    <subfield code="p">34189</subfield>
    <subfield code="r">2023-09-17 21:51:20</subfield>
    <subfield code="w">2023-09-17</subfield>
    <subfield code="y">HN</subfield>
  </datafield>
  <datafield tag="952" ind1=" " ind2=" ">
    <subfield code="0">0</subfield>
    <subfield code="1">0</subfield>
    <subfield code="4">0</subfield>
    <subfield code="6">891_431710900000000_MB896SS</subfield>
    <subfield code="7">0</subfield>
    <subfield code="9">302140</subfield>
    <subfield code="a">MAIN</subfield>
    <subfield code="b">MAIN</subfield>
    <subfield code="d">2010-11-26</subfield>
    <subfield code="l">0</subfield>
    <subfield code="o">891.4317109 MB896:SS</subfield>
    <subfield code="p">40110</subfield>
    <subfield code="r">2023-09-17 21:51:20</subfield>
    <subfield code="w">2023-09-17</subfield>
    <subfield code="y">HN</subfield>
  </datafield>
  <datafield tag="999" ind1=" " ind2=" ">
    <subfield code="c">178247</subfield>
    <subfield code="d">178247</subfield>
  </datafield>
</record>
